| 000 | 00436nmm a2200157Ia 4500 | ||
|---|---|---|---|
| 008 | 251105s9999||||xx |||||||||||||||||und|| | ||
| 020 | _a9781729161739 | ||
| 041 | _aspa | ||
| 100 | _aSierra i Fabra, Jordi | ||
| 245 | 0 | _a¿Estás vivo, Jim? | |
| 264 |
_a[Madrid, España] : _bEditorial SiF, _c2018 |
||
| 300 | _a202 páginas | ||
| 650 | _aSpanish narrative | ||
| 856 | _uhttps://public.digitaliapublishing.com/a/98477 | ||
| 942 | _cCF | ||
| 999 |
_c75330 _d75330 |
||